Justicia para erizos

Bibliographic Details
Format: Book
Language:Spanish
Published: Mx̌ico Fondo de cultura econm̤ica 2014
Subjects:
Online Access:Acceso restringido

MARC

LEADER 00000nam a22000007a 4500
005 20151013111330.0
007 cr|||| ||u|
008 151013s2014 mx |||||||||| 00||0 spa d
020 |a 978-607-16-2118-4 
035 |a 12853 
040 |a vLex 
090 |c 5583  |d 5583 
100 1 |4 Dworkin, Ronald 
245 1 0 |a Justicia para erizos  |h [Recurso electrn̤ico] /  |c Ronald Dworkin  
256 |a Servicio en ln̕ea 
260 |a Mx̌ico  |b Fondo de cultura econm̤ica  |c 2014 
300 |a 1 recurso electrn̤ico 
506 1 |a Contenido solo disponible en los productos indicados  |d vLex Global  |d vLex Global (Academic Edition, excluding Law Schools)  |d vLex Global (U.S. Academic Edition, Law Schools)  |d vLex Global (U.S. Academic Edition, excluding Law Schools)  |d vLex Global (Academic Edition, Law Schools) 
650 0 4 |a Dret  |z Mx̌ico 
740 0 |a vLex libros (servicio en ln̕ea) 
856 4 0 |u http://vlex.com/source/justicia-erizos-12853  |z Acceso restringido 
942 |c BOOK 
999 0 |a Mx̌ico